000 00326nam a2200121Ia 4500
008 150202s9999 xx 000 0 und d
050 _aFIC
_bFIC
100 _aGardner, John.
245 _aRole of honour /
_cJohn Gardner.
260 _aLondon :
_bGlidrose Pub.,
_c1984.
300 _a222 pages :
_c18 cm.
650 _aFiction.
999 _c282029
_d282029